La versione di Geremia /

Guardat en:
Dades bibliogràfiques
Autor principal: Purdy, James (Autor)
Altres autors: Oddera, Bruno
Format: Llibre
Idioma:italià
Publicat: Torino : Einaudi, [1973]
Etiquetes: Afegir etiqueta
Sense etiquetes, Sigues el primer a etiquetar aquest registre!

MARC

LEADER 00000nam a22000007i 4500
001 IT\ICCU\SBL\0469026
003 ItRI
005 20260115232312.0
008 910930s1973 it |||||| ||||| |||||c
015 |2 IT  |a 74597 
040 |b ita  |c importazione bologna sebina 
041 7 |a ita  |2 ISO-639-2 
082 |a 823.91  |9 NARRATIVA IN LINGUA INGLESE. SEC. 20  |2 17 
082 |a 823.91  |2 18 
100 1 |a Purdy, James  |0 IT\ICCU\RAVV\027033  |4 aut 
240 1 0 |a Jeremyʼs version. -  |3 IT\ICCU\RAV\0055641  |9 Purdy, James 
245 1 3 |a La versione di Geremia /  |c James Purdy ; traduzione di Bruno Oddera. 
260 |a Torino :  |b Einaudi,  |c [1973] 
300 |a 287 p. ;  |c 23 cm. 
700 1 |a Oddera, Bruno  |0 IT\ICCU\CFIV\007737 
942 |2 ddc  |c BK  |n 0 
952 |0 0  |1 0  |4 0  |6 DOC_813_540000000000000_PUR  |7 0  |9 23833  |a BO  |b BO  |d 2026-01-15  |i 3775  |l 0  |o DOC 813.54 PUR  |p BO3775  |r 2026-01-15 23:23:12  |w 2026-01-15  |x [Sebina 5] [1 v. (2. copia)]  |y BK  |z 1 v. (2. copia) 
952 |0 0  |1 0  |4 0  |6 DOC_813_540000000000000_PUR  |7 0  |9 23834  |a BO  |b BO  |d 2026-01-15  |i 1967  |l 0  |o DOC 813.54 PUR  |p BO1967  |r 2026-01-15 23:23:12  |w 2026-01-15  |x [Sebina 5] [1 v.]  |y BK  |z 1 v. 
999 |c 20299  |d 20299